[Event "AUTO-OPEN-3753"]
[Site "http://www.queenalice.com/game.php?id=1476655"]
[Date "2017.5.4"]
[Round "2"]
[White "Antonino"]
[Black "Bruscato"]
[Result "0-1"]
[WhiteElo "2054"]
[BlackElo "2091"]

1. e4 c5 2. c3 d5 3. exd5 Qxd5 4. Nf3 Nc6 5. Be2 Nf6 6. O-O e6 7. d4 Bd7 8. dxc5
Qxc5 9. b4 Qf5 10. b5 Na5 11. Nd4 Qg6 12. Bd3 Qg4 13. f3 Qh5 14. Bd2 Bd6 15. g3
O-O 16. c4 b6 17. Nb3 Nxb3 18. axb3 Bc5+ 19. Kg2 Rad8 20. Qc2 Bc8 21. Rxa7 e5
22. h4 e4 23. fxe4 Qg4 24. Rf4 Qh3+ 25. Kf3 Qh1+ 26. Ke2 Bg4+ 27. Rxg4 Qg2+ 28.
Kd1 Nxg4 29. Kc1 Ne3 30. Bxe3 Bxe3+ 31. Kb2 Bd4+ 32. Nc3 Bxc3+ 33. Kxc3 Qxg3 34.
Qe2 Qxh4 35. Ra1 Rfe8 36. Rf1 Qe7 37. Rf5 g6 38. Qg2 Qa3 39. Rf1 Re7 40. Rh1
Red7 41. Rh3 Qa1+ 0-1

[Event "Scooby_99-2"]
[Site "http://www.queenalice.com/game.php?id=1476855"]
[Date "2017.5.5"]
[Round "5"]
[White "Antonino"]
[Black "patreszer"]
[Result "1-0"]
[WhiteElo "2039"]
[BlackElo "1946"]

1. e4 c6 2. d3 d6 3. Be2 Nf6 4. f4 e5 5. Nf3 Nbd7 6. O-O Be7 7. fxe5 dxe5 8. c3
Qc7 9. Be3 h6 10. Nbd2 O-O 11. d4 exd4 12. cxd4 Re8 13. h3 Nf8 14. Bd3 Bd7 15.
Qc2 Rad8 16. d5 Qc8 17. Bxa7 Bxh3 18. gxh3 Qxh3 19. Rf2 Ng4 20. Bf1 Qg3+ 21. Rg2
Qf4 22. Rxg4 Qxg4+ 23. Bg2 Rd6 24. Re1 Rg6 25. Re2 Nd7 26. Qd3 c5 27. Qb5 Bd6
28. Kf1 b6 29. e5 Bb8 30. Bxb8 Rxb8 31. e6 fxe6 32. Qxd7 1-0

[Event "BobbySponja-2"]
[Site "http://www.queenalice.com/game.php?id=1486891"]
[Date "2017.7.21"]
[Round "5"]
[White "VamosJogar"]
[Black "Antonino"]
[Result "0-1"]
[WhiteElo "2019"]
[BlackElo "2082"]

1. d4 d5 2. Nc3 Nf6 3. Bg5 e6 4. e4 dxe4 5. Nxe4 Be7 6. Nxf6+ Bxf6 7. Bxf6 Qxf6
8. Nf3 O-O 9. c3 c5 10. Bc4 Nc6 11. Qd3 e5 12. d5 e4 13. Qxe4 Bf5 14. Qf4 Rfe8+
15. Be2 Rxe2+ 16. Kxe2 Bd3+ 17. Kxd3 Qxf4 18. dxc6 Rd8+ 19. Kc2 Qe4+ 20. Kb3 b5
21. a3 Qxc6 22. Rad1 Re8 23. Rhe1 Kf8 24. Rxe8+ Qxe8 25. Re1 Qc6 26. Rd1 a5 27.
Ka2 Qe6+ 28. Ka1 Qe2 29. Rd8+ Ke7 30. Rd2 Qf1+ 31. Ka2 Qxg2 32. Ne5 Qxh2 33.
Nc6+ Kf6 34. Nxa5 c4 35. a4 Qc7 0-1

[Event "chessplayer123-2"]
[Site "http://www.queenalice.com/game.php?id=1493016"]
[Date "2017.9.5"]
[Round "3"]
[White "chessplayer123"]
[Black "Antonino"]
[Result "0-1"]
[WhiteElo "1781"]
[BlackElo "2095"]

1. e4 e5 2. Nf3 Nf6 3. Bc4 Nxe4 4. O-O Nd6 5. Nxe5 Nxc4 6. Nxc4 Be7 7. d3 d5 8.
Ne5 Nc6 9. d4 O-O 10. Be3 Nxe5 11. dxe5 c5 12. c3 b6 13. a4 Bb7 14. Na3 a6 15.
f4 Qc7 16. Qg4 Qc6 17. f5 Rfe8 18. f6 Bf8 19. Bf4 Re6 20. Rfe1 g6 21. Nc2 Rae8
22. b3 Bc8 23. Kh1 Rxe5 24. Qf3 Rxe1+ 25. Rxe1 Rxe1+ 26. Nxe1 Qxf6 27. Bd2 Qe5
28. Nd3 Qe4 0-1

[Event "Challenge"]
[Site "http://www.queenalice.com/game.php?id=1500022"]
[Date "2017.10.22"]
[Round "-"]
[White "Nias"]
[Black "Antonino"]
[Result "1/2-1/2"]
[WhiteElo "1704"]
[BlackElo "2093"]

1. e4 e6 2. d4 d5 3. e5 c5 4. c3 c4 5. Nf3 h6 6. h4 g6 7. g3 b5 8. a3 Bb7 9. b4
Bg7 10. Be3 Nc6 11. Be2 Nge7 12. g4 a5 13. Bd2 axb4 14. cxb4 Nb8 15. Nc3 Bc6 16.
g5 1/2-1/2

[Event "chessplayer123-2"]
[Site "http://www.queenalice.com/game.php?id=1503893"]
[Date "2017.11.16"]
[Round "4"]
[White "Antonino"]
[Black "APSHOOTER"]
[Result "1-0"]
[WhiteElo "2114"]
[BlackElo "1759"]

1. e4 e5 2. Nf3 d6 3. d4 h6 4. dxe5 Bg4 5. Be2 a6 6. O-O Nc6 7. exd6 Bxd6 8. h3
Be6 9. Re1 Nf6 10. Nc3 Qd7 11. Bf1 O-O-O 12. e5 Nxe5 13. Nxe5 Bxe5 14. Qxd7+
Rxd7 15. Rxe5 Nd5 16. Nxd5 Rxd5 17. Rxd5 Bxd5 18. b3 Re8 19. Bb2 g5 20. Rd1 c6
21. Bd3 Be6 22. Re1 Kd7 23. g4 Bd5 24. Rxe8 Kxe8 25. Bg7 b5 26. Bxh6 f6 27. f4
gxf4 28. Bxf4 Kf7 29. c4 bxc4 30. Bxc4 Bxc4 31. bxc4 Kg6 32. Kf2 f5 33. g5 Kh5
34. c5 a5 35. Ke3 1-0

[Event "korchnoi"]
[Site "http://www.queenalice.com/game.php?id=1505619"]
[Date "2017.11.25"]
[Round "1"]
[White "yasseryack"]
[Black "Antonino"]
[Result "1-0"]
[WhiteElo "1835"]
[BlackElo "2115"]

1. f4 f5 2. Nf3 Nf6 3. d3 d5 4. g3 g6 5. Bg2 Bg7 6. O-O O-O 7. c3 c5 8. Na3 Nc6
9. Ne5 Ne8 10. Nxc6 bxc6 11. c4 Bb7 12. Rb1 a5 13. Nc2 h5 14. cxd5 cxd5 15. a4
Rb8 16. d4 cxd4 17. e3 dxe3 18. Bxe3 e6 19. Bc5 Rf7 20. Qe1 Qd7 21. b3 Ba6 22.
Rf2 Rc8 23. Qxa5 Bd3 24. Rd1 Bxc2 25. Rxc2 Nd6 26. Rdc1 Nb7 27. Qb4 Nxc5 28.
Rxc5 Rxc5 29. Qxc5 Qa7 30. Qxa7 Rxa7 31. Kf1 Kf7 32. h4 Ke7 33. Bf3 Kd7 34. Be2
Bb2 35. Bb5+ Ke7 36. Rc2 Ba3 37. Rc8 Kf7 38. Ke2 Bd6 39. Rd8 Bf8 40. Rb8 Rc7 41.
Be8+ Kg7 42. Kd2 Bc5 43. b4 Bd6 44. Rb6 Re7 45. Rxd6 Rxe8 46. a5 Ra8 47. Rxe6
1-0

[Event "korchnoi"]
[Site "http://www.queenalice.com/game.php?id=1510042"]
[Date "2017.12.31"]
[Round "2"]
[White "Antonino"]
[Black "EdBrazil"]
[Result "1-0"]
[WhiteElo "2081"]
[BlackElo "1537"]

1. e4 e5 2. d4 Qh4 3. Qf3 exd4 4. Bc4 Nh6 5. Bxh6 Qf6 6. Qxf6 gxf6 7. Bf4 d6 8.
Nf3 Rg8 9. Nxd4 Rxg2 10. Bg3 d5 11. Bf1 Rxg3 12. hxg3 h6 13. exd5 Bg4 14. Bh3
Bd7 15. Bxd7+ Nxd7 16. Nf5 O-O-O 17. Nd2 Re8+ 18. Kf1 Re5 19. Re1 Bb4 20. Rxh6
Bxd2 21. Rh8+ Nf8 22. Rxe5 fxe5 23. Rxf8+ Kd7 24. Rxf7+ Ke8 25. Rxc7 1-0

[Event "korchnoi"]
[Site "http://www.queenalice.com/game.php?id=1519586"]
[Date "2018.3.14"]
[Round "3"]
[White "adelio"]
[Black "Antonino"]
[Result "0-1"]
[WhiteElo "1459"]
[BlackElo "2083"]

1. d4 d5 2. e4 dxe4 3. Nc3 Nf6 4. f3 exf3 5. Nxf3 Nc6 6. a3 Bg4 7. h3 Bxf3 8.
Qxf3 Nxd4 9. Qxb7 Nxc2+ 10. Kf2 Qd4+ 11. Kg3 Nh5+ 12. Kf3 Qf6+ 13. Kg4 Qg6+ 14.
Bg5 Nf6+ 15. Kf4 e5+ 16. Kf3 Qh5+ 17. Kf2 Bc5+ 18. Kg3 Qxg5+ 19. Kh2 Ng4+ 20.
Kg3 Qf4+ 21. Kh4 Be7+ 22. Kh5 Nf6# 0-1

[Event "1º AEAP 2017"]
[Site "http://www.queenalice.com/game.php?id=1521310"]
[Date "2018.3.26"]
[Round "4"]
[White "Antonino"]
[Black "frankcasadio"]
[Result "0-1"]
[WhiteElo "2085"]
[BlackElo "2060"]

1. d4 d5 2. c4 Nf6 3. e3 Nc6 4. Nc3 e6 5. c5 b6 6. Bb5 Bd7 7. Qa4 Na5 8. Bxd7+
Nxd7 9. Nf3 a6 10. Ne5 f6 11. Nxd7 Qxd7 12. Qxd7+ Kxd7 13. cxb6 cxb6 0-1